[Event "Asker CC-ch Class A"]
[Site "Asker"]
[Date "2017.02.13"]
[Round "4"]
[White "Nydal, Roar"]
[Black "Roholdt, Njaal"]
[Result "1-0"]
[WhiteElo "1581"]
[BlackElo "1622"]
[PlyCount "79"]
[EventDate "2017.01.09"]
[EventType "swiss"]
[EventRounds "9"]
[EventCountry "NOR"]
[SourceTitle "EXT 2024"]
[Source "ChessBase"]
[SourceDate "2023.10.10"]
[SourceVersion "1"]
[SourceVersionDate "2023.10.10"]
[SourceQuality "1"]

1. d4 f5 2. e3 Nf6 3. c4 e6 4. Be2 Be7 5. Nf3 0-0 6. 0-0 d6 7. Nc3 Nbd7 8. Ng5 Nb6 9. f4 h6 10. Nf3 Nbd7 11. Qc2 b6 12. Bd3 Bb7 13. Kh1 Qe8 14. e4 Ng4 15. exf5 exf5 16. Bxf5 Ndf6 17. d5 Qh5 18. Bg6 Nxh2 19. Bxh5 Nxf1 20. Kg1 Ng3 21. Bg6 Ng4 22. Nh2 Nxh2 23. Kxh2 Bh4 24. Be3 Bc8 25. Ne2 Bf5 26. Bxf5 Nxf5 27. Bg1 Rae8 28. g3 Bd8 29. Nd4 Nxd4 30. Bxd4 Re7 31. Rf1 Rfe8 32. Rf2 Re4 33. Qd3 a5 34. f5 Bg5 35. f6 gxf6 36. Bxf6 Bxf6 37. Rxf6 Kg7 38. Qf3 Re2+ 39. Kh3 R2e3 40. Qf5 1-0

[Event "Asker CC-ch Class A"]
[Site "Asker"]
[Date "2017.01.09"]
[Round "1"]
[White "Roholdt, Njaal"]
[Black "Larsen, Odd Ingolf"]
[Result "1-0"]
[WhiteElo "1622"]
[BlackElo "1380"]
[PlyCount "67"]
[EventDate "2017.01.09"]
[EventType "swiss"]
[EventRounds "9"]
[EventCountry "NOR"]
[SourceTitle "EXT 2024"]
[Source "ChessBase"]
[SourceDate "2023.10.10"]
[SourceVersion "1"]
[SourceVersionDate "2023.10.10"]
[SourceQuality "1"]

1. e4 c6 2. d4 d5 3. exd5 cxd5 4. Nf3 Nc6 5. c4 Nf6 6. cxd5 Nxd5 7. Bc4 Bg4 8. Qb3 Bxf3 9. Qxf3 Nxd4 10. Qd1 Nb6 11. Bd3 e5 12. 0-0 Bc5 13. Nc3 Nd7 14. Ne4 Qb6 15. Nxc5 Nxc5 16. Bb1 0-0-0 17. Qg4+ Nce6 18. Be3 h5 19. Qh3 Kb8 20. Bf5 g6 21. Bxe6 Qxe6 22. Bxd4 Qxh3 23. Bxe5+ Ka8 24. gxh3 Rhe8 25. Bg3 Rd2 26. b4 Ree2 27. a4 f5 28. b5 g5 29. Bc7 b6 30. a5 Kb7 31. Rac1 Rb2 32. a6+ Kc8 33. Bxb6+ Rbc2 34. Bxa7 1-0

[Event "Asker Autumn Master"]
[Site "Asker"]
[Date "2016.12.05"]
[Round "9"]
[White "Roholdt, Njaal"]
[Black "Andersen, Guttorm"]
[Result "0-1"]
[WhiteElo "1670"]
[BlackElo "1836"]
[PlyCount "64"]
[EventDate "2016.08.29"]
[EventType "tourn"]
[EventRounds "9"]
[EventCountry "NOR"]
[SourceTitle "EXT 2024"]
[Source "ChessBase"]
[SourceDate "2023.10.10"]
[SourceVersion "1"]
[SourceVersionDate "2023.10.10"]
[SourceQuality "1"]

1. d4 f5 2. c4 Nf6 3. Nc3 g6 4. Nf3 Bg7 5. Bg5 0-0 6. Qd2 d6 7. 0-0-0 Qe8 8. e3 Nbd7 9. Bd3 e5 10. dxe5 dxe5 11. e4 Nc5 12. Bc2 f4 13. Bxf6 Bxf6 14. Nd5 Bd8 15. h4 c6 16. Nc3 Bg4 17. b4 Ne6 18. Rde1 Bc7 19. c5 a5 20. Bb3 axb4 21. Na4 Qe7 22. Ng5 Rfd8 23. Qb2 Kh8 24. f3 Nxg5 25. fxg4 Ne6 26. Nb6 Nxc5 27. Rd1 Bxb6 28. Bc4 Na4 29. Qb3 Be3+ 30. Kb1 Nc3+ 31. Kc2 b5 32. Rxd8+ Qxd8 0-1

[Event "Asker Autumn Master"]
[Site "Asker"]
[Date "2016.10.24"]
[Round "5"]
[White "Grondahl, David A"]
[Black "Roholdt, Njaal"]
[Result "1-0"]
[WhiteElo "1641"]
[BlackElo "1670"]
[PlyCount "120"]
[EventDate "2016.08.29"]
[EventType "tourn"]
[EventRounds "9"]
[EventCountry "NOR"]
[SourceTitle "EXT 2024"]
[Source "ChessBase"]
[SourceDate "2023.10.10"]
[SourceVersion "1"]
[SourceVersionDate "2023.10.10"]
[SourceQuality "1"]

1. d4 Nf6 2. c4 e6 3. Nf3 c5 4. d5 exd5 5. cxd5 c4 6. Nc3 Bb4 7. Qd4 Qc7 8. Bf4 d6 9. e4 b5 10. e5 Qe7 11. Be2 dxe5 12. Nxe5 0-0 13. 0-0 Bc5 14. Qd2 a6 15. Bf3 Bd6 16. Rfe1 Qc7 17. Bg3 Bb7 18. Ne4 Nxe4 19. Bxe4 f5 20. Bc2 a5 21. a3 b4 22. Qd4 b3 23. Bd1 Re8 24. Bf3 Nd7 25. Nxc4 Rxe1+ 26. Rxe1 Bxg3 27. d6 Bxh2+ 28. Kxh2 Qc5 29. Qxc5 Nxc5 30. Bxb7 Nxb7 31. d7 Kf7 32. Re5 Kf6 33. Re8 Rd8 34. Rxd8 Nxd8 35. Nxa5 Ke7 36. Nxb3 Kxd7 37. Nd4 g6 38. Kg3 Kd6 39. b4 Kd5 40. Nb3 Nc6 41. Kf3 Kc4 42. Nc5 Ne5+ 43. Kf4 Nf7 44. Nd7 Kb3 45. b5 Nd6 46. b6 Kxa3 47. Nc5 Kb4 48. b7 Nxb7 49. Nxb7 Kc4 50. Nd8 Kd5 51. Nf7 Kd4 52. Ng5 h6 53. Nf7 Kd3 54. Nxh6 Ke2 55. f3 Kf2 56. g4 fxg4 57. fxg4 g5+ 58. Kxg5 Kg3 59. Kf6 Kh4 60. g5 Kh5 1-0

[Event "Asker Autumn Master"]
[Site "Asker"]
[Date "2016.09.12"]
[Round "2"]
[White "Roholdt, Njaal"]
[Black "Barker, Daniel"]
[Result "0-1"]
[WhiteElo "1670"]
[BlackElo "1928"]
[PlyCount "64"]
[EventDate "2016.08.29"]
[EventType "tourn"]
[EventRounds "9"]
[EventCountry "NOR"]
[SourceTitle "EXT 2024"]
[Source "ChessBase"]
[SourceDate "2023.10.10"]
[SourceVersion "1"]
[SourceVersionDate "2023.10.10"]
[SourceQuality "1"]

1. e4 e6 2. Nc3 d5 3. exd5 exd5 4. d4 Bb4 5. Nf3 Nf6 6. Bd2 0-0 7. Bd3 Re8+ 8. Ne5 Nc6 9. Bb5 Ng4 10. 0-0 Ngxe5 11. dxe5 Rxe5 12. f4 Re8 13. a3 Bc5+ 14. Kh1 Qd6 15. Qh5 d4 16. Na4 Bb6 17. Rae1 Bd7 18. Nxb6 axb6 19. f5 Rxe1 20. Bxe1 Qd5 21. Bd3 Re8 22. Qh4 f6 23. b3 b5 24. a4 Nd8 25. axb5 Bxb5 26. Qh5 Nf7 27. Bxb5 Qxb5 28. Qf3 Ne5 29. Qf4 d3 30. Qa4 Qxa4 31. bxa4 dxc2 32. Bd2 Nd3 0-1

[Event "Asker CC-ch Class A"]
[Site "Asker"]
[Date "2016.04.25"]
[Round "8"]
[White "Roholdt, Njaal"]
[Black "Utseth, Mikhail"]
[Result "1-0"]
[WhiteElo "1417"]
[BlackElo "1425"]
[PlyCount "55"]
[EventDate "2016.01.11"]
[EventType "swiss"]
[EventRounds "9"]
[EventCountry "NOR"]
[SourceTitle "EXT 2024"]
[Source "ChessBase"]
[SourceDate "2023.10.10"]
[SourceVersion "1"]
[SourceVersionDate "2023.10.10"]
[SourceQuality "1"]

1. e4 e5 2. f4 exf4 3. Nf3 Be7 4. h4 Nf6 5. Nc3 d6 6. d4 Nh5 7. Ne2 Bg4 8. Qd3 Bxf3 9. Qxf3 Bxh4+ 10. Kd1 Ng3 11. Nxg3 fxg3 12. Bd3 Nc6 13. c3 h5 14. Bc4 Qf6 15. Rxh4 Qxf3+ 16. gxf3 g2 17. Be3 Rh6 18. Kd2 Rg6 19. Rxh5 Ke7 20. Rg1 Rf8 21. Bd3 Rf6 22. Bg5 Kd7 23. Bxf6 gxf6 24. Rxg2 Ne7 25. Rh6 Ke6 26. Bc4+ d5 27. exd5+ Kf5 28. Bd3+ 1-0

[Event "Asker CC-ch Class A"]
[Site "Asker"]
[Date "2016.04.11"]
[Round "7"]
[White "Mikelsen, Mattis"]
[Black "Roholdt, Njaal"]
[Result "0-1"]
[WhiteElo "1108"]
[BlackElo "1417"]
[PlyCount "68"]
[EventDate "2016.01.11"]
[EventType "swiss"]
[EventRounds "9"]
[EventCountry "NOR"]
[SourceTitle "EXT 2024"]
[Source "ChessBase"]
[SourceDate "2023.10.10"]
[SourceVersion "1"]
[SourceVersionDate "2023.10.10"]
[SourceQuality "1"]

1. e4 c5 2. d4 cxd4 3. c3 dxc3 4. Nxc3 e6 5. Nf3 Nc6 6. Bc4 a6 7. a4 Bb4 8. Bd2 Qc7 9. Rc1 Nge7 10. 0-0 0-0 11. Bb3 Qd8 12. Re1 d5 13. exd5 exd5 14. Bg5 Be6 15. Nd4 Nxd4 16. Bxe7 Bxe7 17. Qxd4 Bf6 18. Qd3 Rc8 19. Nxd5 Rxc1 20. Rxc1 Bxb2 21. Rb1 Be5 22. f4 Bb8 23. f5 Bxd5 24. Qxd5 Qh4 25. g3 Qg5 26. Re1 Qf6 27. Qxb7 Be5 28. Qd5 Bd4+ 29. Kg2 Rd8 30. Qe4 Bc5 31. Rc1 Rd2+ 32. Kh1 Bf8 33. Bc2 Qb2 34. Qe1 Rxc2 0-1

[Event "Asker Host A"]
[Site "Asker"]
[Date "2015.11.09"]
[Round "7"]
[White "Mikelsen, Mattis"]
[Black "Roholdt, Njaal"]
[Result "0-1"]
[WhiteElo "1388"]
[BlackElo "1623"]
[PlyCount "66"]
[EventDate "2015.09.21"]
[EventType "swiss"]
[EventRounds "9"]
[EventCountry "NOR"]
[SourceTitle "EXT 2023"]
[Source "ChessBase"]
[SourceDate "2022.10.05"]
[SourceVersion "1"]
[SourceVersionDate "2022.10.05"]
[SourceQuality "1"]

1. e4 e5 2. Nf3 Nc6 3. Bc4 Bc5 4. 0-0 d6 5. c3 Bg4 6. d3 h6 7. h3 Bh5 8. Re1 Nf6 9. Nbd2 Qd7 10. Nb3 Bb6 11. Be3 Bxe3 12. Rxe3 0-0-0 13. d4 exd4 14. Nbxd4 Ne5 15. Qe2 g5 16. Rc1 g4 17. Nxe5 dxe5 18. Nb5 Kb8 19. Rd3 Qc6 20. Qe3 b6 21. Rxd8+ Rxd8 22. Qxh6 gxh3 23. Bd5 Rxd5 24. exd5 Qxd5 25. gxh3 Qf3 26. Qg5 a6 27. Na3 Nd5 28. Qg8+ Ka7 29. Qg3 Qe2 30. Rb1 Bf3 31. Rf1 Nf4 32. Nc2 Qe4 33. Ne3 Ne2+ 0-1

[Event "Asker CC-ch"]
[Site "Asker"]
[Date "2015.02.09"]
[Round "3"]
[White "Lindblom, Roar"]
[Black "Roholdt, Njaal"]
[Result "1/2-1/2"]
[WhiteElo "1827"]
[BlackElo "1656"]
[PlyCount "147"]
[EventDate "2015.01.12"]
[EventType "tourn"]
[EventRounds "9"]
[EventCountry "NOR"]
[SourceTitle "EXT 2018"]
[Source "ChessBase"]
[SourceDate "2017.10.13"]
[SourceVersion "1"]
[SourceVersionDate "2017.10.13"]
[SourceQuality "1"]

1. d4 f5 2. c4 Nf6 3. Nf3 e6 4. g3 Be7 5. Bg2 0-0 6. Nc3 c6 7. 0-0 d5 8. Qc2 Nbd7 9. Ng5 Nb8 10. Nf3 Nbd7 11. b3 Ne4 12. Bb2 Ndf6 13. Ne5 Nd7 14. e3 Bd6 15. Nxd7 Bxd7 16. c5 Bc7 17. b4 Qg5 18. a4 Qh5 19. Qd1 Qg5 20. Qe2 Be8 21. f4 Qh6 22. Bf3 Nf6 23. b5 Ne4 24. Rfb1 Ba5 25. Qc2 Bxc3 26. Bxc3 Bh5 27. Bg2 Be8 28. Ba5 Nf6 29. Bf3 Qh3 30. Bc7 Ng4 31. Qe2 Rf6 32. Ra2 Rh6 33. Rb3 Rg6 34. Qg2 Qh6 35. Rab2 Nf6 36. Qe2 Qh3 37. Qg2 Qh6 38. Be5 Nd7 39. bxc6 Nxe5 40. dxe5 Bxc6 41. a5 a6 42. Qe2 Qh3 43. Bg2 Qh6 44. Qc2 Ba4 45. c6 Bxc6 46. Rb6 Qh5 47. Qd2 Rh6 48. Bf1 Rd8 49. R6b4 Qf3 50. Qf2 Qh5 51. Rc2 Qe8 52. Rc3 Qh5 53. Be2 Qe8 54. Bd1 Qe7 55. Qb2 Rg6 56. Be2 Qh4 57. Bxa6 Rxg3+ 58. hxg3 Qxg3+ 59. Kf1 d4 60. Rxc6 Qf3+ 61. Qf2 Qxc6 62. Bxb7 Qc1+ 63. Qe1 Qa3 64. a6 dxe3 65. Rc4 Qb3 66. Rc8 Rxc8 67. Bxc8 Qc4+ 68. Qe2 Qxc8 69. Kg2 Qc6+ 70. Kg3 h5 71. Qa2 h4+ 72. Kh2 Kh7 73. a7 Qa8 74. Qxe6 1/2-1/2

[Event "Drammen CC-ch"]
[Site "Drammen"]
[Date "2015.01.13"]
[Round "1"]
[White "Roholdt, Njaal"]
[Black "Olaisen, Jan Magnus"]
[Result "0-1"]
[WhiteElo "1656"]
[BlackElo "1666"]
[PlyCount "70"]
[EventDate "2015.01.13"]
[EventType "swiss"]
[EventRounds "9"]
[EventCountry "NOR"]
[SourceTitle "EXT 2024"]
[Source "ChessBase"]
[SourceDate "2023.10.10"]
[SourceVersion "1"]
[SourceVersionDate "2023.10.10"]
[SourceQuality "1"]

1. d4 Nf6 2. c4 e6 3. Nc3 d5 4. Nf3 c5 5. Bg5 cxd4 6. Qxd4 Nc6 7. Qd1 d4 8. Bxf6 gxf6 9. Ne4 f5 10. Ned2 Bh6 11. g3 e5 12. Nb3 Be6 13. Bg2 Bxc4 14. 0-0 Qf6 15. Qc2 Bd5 16. Rad1 Rc8 17. Bh3 Ne7 18. Qb1 Be4 19. Qa1 Bc2 20. Rde1 Nd5 21. Nh4 0-0 22. Bg2 e4 23. f4 Ne3 24. Rf2 Bxb3 25. axb3 Nc2 26. Qb1 Nxe1 27. Qxe1 Rfd8 28. Qa5 Rc1+ 29. Bf1 d3 30. exd3 exd3 31. Nxf5 Bf8 32. Rd2 b6 33. Qe5 Qxe5 34. fxe5 Bb4 35. Nh6+ Kf8 0-1

[Event "Asker CC-ch"]
[Site "Asker"]
[Date "2015.01.12"]
[Round "1"]
[White "Odegaard, Per"]
[Black "Roholdt, Njaal"]
[Result "1-0"]
[WhiteElo "1958"]
[BlackElo "1656"]
[PlyCount "49"]
[EventDate "2015.01.12"]
[EventType "tourn"]
[EventRounds "9"]
[EventCountry "NOR"]
[SourceTitle "EXT 2018"]
[Source "ChessBase"]
[SourceDate "2017.10.13"]
[SourceVersion "1"]
[SourceVersionDate "2017.10.13"]
[SourceQuality "1"]

1. e4 e5 2. Nf3 Nc6 3. Bc4 Bc5 4. c3 Nge7 5. Ng5 d5 6. exd5 Nxd5 7. Qh5 g6 8. Qf3 Qxg5 9. Qxd5 Qe7 10. b4 Bb6 11. a4 Be6 12. Qe4 Bf5 13. Qe2 a6 14. d3 0-0-0 15. a5 Ba7 16. 0-0 Qh4 17. b5 axb5 18. Bxb5 Bg4 19. Qe1 Ne7 20. a6 Qh5 21. axb7+ Kb8 22. Qe4 Bd1 23. Be3 Rd5 24. Bxa7+ Kxb7 25. Bc4 1-0

[Event "Asker op"]
[Site "Asker"]
[Date "2014.10.27"]
[Round "6"]
[White "Enersen, Eirik S"]
[Black "Roholdt, Njaal"]
[Result "1/2-1/2"]
[WhiteElo "1357"]
[BlackElo "1371"]
[PlyCount "41"]
[EventDate "2014.09.01"]
[EventType "swiss"]
[EventRounds "9"]
[EventCountry "NOR"]
[SourceTitle "EXT 2017"]
[Source "ChessBase"]
[SourceDate "2016.10.25"]
[SourceVersion "1"]
[SourceVersionDate "2016.10.25"]
[SourceQuality "1"]

1. e4 e5 2. Nf3 Nc6 3. Bb5 a6 4. Bxc6 dxc6 5. 0-0 Bd6 6. Nc3 Qf6 7. d3 Bg4 8. h3 Bh5 9. Qe2 h6 10. Nd1 Ne7 11. Ne3 Bxf3 12. Qxf3 Qxf3 13. gxf3 Ng6 14. Nf5 0-0-0 15. Kh2 Bf8 16. Rg1 Rg8 17. Be3 Ne7 18. Nxe7+ Bxe7 19. Rg2 g5 20. Rag1 f6 21. Rg3 1/2-1/2

[Event "Asker op"]
[Site "Asker"]
[Date "2014.10.13"]
[Round "3"]
[White "Hole, Victor"]
[Black "Roholdt, Njaal"]
[Result "0-1"]
[WhiteElo "914"]
[BlackElo "1371"]
[PlyCount "68"]
[EventDate "2014.09.01"]
[EventType "swiss"]
[EventRounds "9"]
[EventCountry "NOR"]
[SourceTitle "EXT 2017"]
[Source "ChessBase"]
[SourceDate "2016.10.25"]
[SourceVersion "1"]
[SourceVersionDate "2016.10.25"]
[SourceQuality "1"]

1. e4 e5 2. Nf3 Nc6 3. Bb5 a6 4. Ba4 Bc5 5. d3 d6 6. Nc3 Nge7 7. 0-0 0-0 8. Bb3 Bg4 9. Nd5 Nxd5 10. Bxd5 Nd4 11. Bg5 Nxf3+ 12. gxf3 Bxf3 13. Bxd8 Bxd1 14. Raxd1 Raxd8 15. Kh1 c6 16. Bb3 d5 17. c4 dxe4 18. dxe4 Rxd1 19. Bxd1 Rd8 20. f3 Rd2 21. b3 Rxa2 22. f4 exf4 23. Rxf4 Bd6 24. Rh4 Ra1 25. Rg4 Rxd1+ 26. Rg1 Rd2 27. Rg2 Rd3 28. Rb2 b5 29. Kg1 h5 30. Kf1 Be5 31. Ke2 Rh3 32. Rd2 Rxh2+ 33. Kd1 Rxd2+ 34. Kxd2 h4 0-1

[Event "Asker op"]
[Site "Asker"]
[Date "2014.09.22"]
[Round "1"]
[White "Lindfors, Bjorn"]
[Black "Roholdt, Njaal"]
[Result "0-1"]
[WhiteElo "1145"]
[BlackElo "1371"]
[PlyCount "56"]
[EventDate "2014.09.01"]
[EventType "swiss"]
[EventRounds "9"]
[EventCountry "NOR"]
[SourceTitle "EXT 2017"]
[Source "ChessBase"]
[SourceDate "2016.10.25"]
[SourceVersion "1"]
[SourceVersionDate "2016.10.25"]
[SourceQuality "1"]

1. e4 e5 2. Nf3 Nc6 3. Bc4 Bc5 4. Nc3 Nf6 5. 0-0 d6 6. d3 0-0 7. Be3 Nd4 8. Bxd4 exd4 9. Ne2 Bg4 10. Ng3 a6 11. h3 Bd7 12. a3 b5 13. Ba2 Bb6 14. Ng5 Qc8 15. Nh5 Qd8 16. Nxf6+ Qxf6 17. f4 h6 18. e5 dxe5 19. Ne4 Qg6 20. g4 exf4 21. Rxf4 Rae8 22. Qf3 Be6 23. Nf6+ gxf6 24. Rxf6 Qg5 25. Bxe6 Rxe6 26. Rf5 Qe3+ 27. Kg2 Qd2+ 28. Kg3 Re3 0-1

[Event "Oslo Sveins op 7th"]
[Site "Oslo"]
[Date "2014.06.20"]
[Round "2"]
[White "Omtvedt, Per"]
[Black "Roholdt, Njaal"]
[Result "1-0"]
[WhiteElo "1966"]
[BlackElo "1658"]
[PlyCount "69"]
[EventDate "2014.06.20"]
[EventType "swiss"]
[EventRounds "9"]
[EventCountry "NOR"]
[SourceTitle "EXT 2015"]
[Source "ChessBase"]
[SourceDate "2014.11.20"]
[SourceVersion "1"]
[SourceVersionDate "2014.11.20"]
[SourceQuality "1"]

1. e4 e5 2. Nf3 Nc6 3. Bb5 Nf6 4. d3 Bc5 5. c3 d6 6. 0-0 0-0 7. Be3 Bb6 8. Nbd2 Bd7 9. Qe2 Qc8 10. Nc4 Bxe3 11. Nxe3 a6 12. Ba4 b5 13. Bc2 Ne7 14. d4 Ng6 15. g3 h6 16. Nd2 Re8 17. f4 exf4 18. gxf4 Bh3 19. Rf2 Ng4 20. Nxg4 Bxg4 21. Qd3 Bh5 22. f5 Nh4 23. Qg3 g5 24. fxg6 Nxg6 25. Rf5 Be2 26. Bb3 Bc4 27. Nxc4 Kh8 28. Nd2 Rg8 29. Kh1 Ne7 30. Qf4 Nxf5 31. exf5 Rg5 32. Rf1 Qf8 33. Ne4 Rg8 34. Nf6 Rg5 35. h4 1-0

[Event "Asker CC-ch"]
[Site "Asker"]
[Date "2014.05.12"]
[Round "9"]
[White "Rostad, Rolf"]
[Black "Roholdt, Njaal"]
[Result "1/2-1/2"]
[WhiteElo "1706"]
[BlackElo "1427"]
[PlyCount "38"]
[EventDate "2014.01.13"]
[EventType "swiss"]
[EventRounds "9"]
[EventCountry "NOR"]
[SourceTitle "EXT 2017"]
[Source "ChessBase"]
[SourceDate "2016.10.25"]
[SourceVersion "1"]
[SourceVersionDate "2016.10.25"]
[SourceQuality "1"]

1. e4 e5 2. Nf3 Nc6 3. Bb5 a6 4. Ba4 b5 5. Bb3 Nf6 6. Ng5 d5 7. exd5 Nd4 8. c4 h6 9. Nf3 Bg4 10. d3 Bb4+ 11. Bd2 Bxd2+ 12. Nbxd2 0-0 13. h3 Bh5 14. 0-0 Re8 15. Re1 Qc8 16. Re3 Nf5 17. Re1 Nd4 18. Re3 Nf5 19. Re1 Nd4 1/2-1/2

[Event "Asker CC-ch"]
[Site "Asker"]
[Date "2014.04.28"]
[Round "8"]
[White "Roholdt, Njaal"]
[Black "Lindblom, Roar"]
[Result "0-1"]
[WhiteElo "1427"]
[BlackElo "1779"]
[PlyCount "66"]
[EventDate "2014.01.13"]
[EventType "swiss"]
[EventRounds "9"]
[EventCountry "NOR"]
[SourceTitle "EXT 2017"]
[Source "ChessBase"]
[SourceDate "2016.10.25"]
[SourceVersion "1"]
[SourceVersionDate "2016.10.25"]
[SourceQuality "1"]

1. e4 e5 2. Nf3 Nc6 3. Bb5 a6 4. Ba4 d6 5. 0-0 Bd7 6. c3 Nge7 7. Bb3 Ng6 8. d4 Be7 9. d5 Nb8 10. Be3 h6 11. Nbd2 Bg5 12. Nxg5 hxg5 13. Nf3 Nf4 14. Bxf4 gxf4 15. Qd3 g5 16. Kh1 g4 17. Ng1 Qh4 18. h3 Qg5 19. Kh2 a5 20. Bc4 Ke7 21. Rad1 f5 22. Rfe1 fxe4 23. Qxe4 Bf5 24. Qd4 Nd7 25. Bd3 gxh3 26. g3 fxg3+ 27. fxg3 Rag8 28. Qf2 Bg4 29. Nf3 Rf8 30. Be4 Qh5 31. Rd3 Nc5 32. Bg6 Qxg6 33. Rxe5+ Kd8 0-1

[Event "Drammen CC-ch"]
[Site "Drammen"]
[Date "2014.04.01"]
[Round "8"]
[White "Klausen, Truls Skauge"]
[Black "Roholdt, Njaal"]
[Result "1/2-1/2"]
[WhiteElo "1572"]
[BlackElo "1427"]
[PlyCount "47"]
[EventDate "2014.01.14"]
[EventType "swiss"]
[EventRounds "9"]
[EventCountry "NOR"]
[SourceTitle "EXT 2024"]
[Source "ChessBase"]
[SourceDate "2023.10.10"]
[SourceVersion "1"]
[SourceVersionDate "2023.10.10"]
[SourceQuality "1"]

1. e4 e5 2. Nf3 Nc6 3. d4 exd4 4. c3 dxc3 5. Bc4 Qe7 6. Nxc3 Nf6 7. 0-0 d6 8. Nd5 Nxd5 9. exd5 Ne5 10. Nxe5 dxe5 11. Re1 Qf6 12. Qb3 a6 13. Bd2 Bd6 14. Qg3 0-0 15. Bg5 Qg6 16. Qh4 f5 17. Be7 Re8 18. Bxd6 cxd6 19. Be2 f4 20. Rad1 Bf5 21. Rc1 Be4 22. Qh3 Bf5 23. Qh4 Be4 24. Qh3 1/2-1/2

[Event "Asker CC-ch"]
[Site "Asker"]
[Date "2014.03.31"]
[Round "7"]
[White "Lovberget, Erik"]
[Black "Roholdt, Njaal"]
[Result "1/2-1/2"]
[WhiteElo "1327"]
[BlackElo "1427"]
[PlyCount "56"]
[EventDate "2014.01.13"]
[EventType "swiss"]
[EventRounds "9"]
[EventCountry "NOR"]
[SourceTitle "EXT 2017"]
[Source "ChessBase"]
[SourceDate "2016.10.25"]
[SourceVersion "1"]
[SourceVersionDate "2016.10.25"]
[SourceQuality "1"]

1. e4 e5 2. Nf3 Nc6 3. Bb5 Bc5 4. c3 d6 5. h3 Nf6 6. d3 0-0 7. 0-0 Bd7 8. Bg5 Qc8 9. Kh2 Kh8 10. Nbd2 Be6 11. Ng1 Rg8 12. Qf3 Ne8 13. Bc4 Bxc4 14. Nxc4 Qe6 15. g4 f6 16. Be3 Bxe3 17. Nxe3 Ne7 18. Ne2 Ng6 19. Nf5 Ne7 20. Rg1 Nxf5 21. gxf5 Qf7 22. Rg4 Rd8 23. c4 c6 24. Nc3 Nc7 25. Rag1 Rd7 26. Qg3 Ne8 27. Rh4 h6 28. Rg4 Kh7 1/2-1/2

[Event "Asker CC-ch"]
[Site "Asker"]
[Date "2014.03.10"]
[Round "5"]
[White "Lilleseth, Eivind"]
[Black "Roholdt, Njaal"]
[Result "1-0"]
[WhiteElo "1562"]
[BlackElo "1427"]
[PlyCount "121"]
[EventDate "2014.01.13"]
[EventType "swiss"]
[EventRounds "9"]
[EventCountry "NOR"]
[SourceTitle "EXT 2017"]
[Source "ChessBase"]
[SourceDate "2016.10.25"]
[SourceVersion "1"]
[SourceVersionDate "2016.10.25"]
[SourceQuality "1"]

1. f4 e5 2. fxe5 d6 3. Nf3 Bg4 4. e4 dxe5 5. Bc4 f5 6. Qe2 Nh6 7. d3 f4 8. 0-0 Bc5+ 9. Kh1 Qh4 10. Nbd2 Qh5 11. Nb3 Bb6 12. Bd2 Nc6 13. Bb5 0-0 14. Bxc6 bxc6 15. c4 c5 16. Qf2 Rad8 17. Nc1 a5 18. h3 Be6 19. Bc3 Ng4 20. Qh4 Qxh4 21. Nxh4 Ne3 22. Rg1 Nc2 23. Rb1 Nd4 24. Nf3 Nxf3 25. gxf3 Bxh3 26. Bxe5 g6 27. d4 cxd4 28. Nd3 Be6 29. b3 a4 30. c5 Ba7 31. Bxc7 axb3 32. axb3 Ra8 33. Bd6 Rfc8 34. Rg2 Bb8 35. Nxf4 Bxd6 36. cxd6 Kf7 37. Rd2 Rc3 38. Kg2 Rd8 39. Rxd4 Bxb3 40. Re1 Rc2+ 41. Kg3 g5 42. Nd3 h5 43. Rg1 Be6 44. f4 h4+ 45. Kf3 g4+ 46. Ke3 g3 47. f5 Bc8 48. Kf4 Ba6 49. Ne5+ Kf6 50. Ng4+ Kf7 51. e5 Rf2+ 52. Kg5 Rg8+ 53. Kxh4 Rh2+ 54. Kxg3 Re2 55. Kf4 Bb5 56. Nh6+ Ke8 57. Rxg8+ Kd7 58. e6+ Kc6 59. Rc8+ Kb7 60. d7 Rf2+ 61. Kg5 1-0